WWE Pay-Per-View (PPV) Main Events - 2003 - Statistics

General Stats
  • This quiz has been taken 783 times
    644 since last reset
  • The average score is 12 of 13
Answer Stats
PPV Answer % Correct
Royal Rumble, WrestleMania XIX, Judgment Day, Vengeance, No Mercy Brock Lesnar
99%
Insurrextion, Bad Blood, SummerSlam, Unforgiven, Survivor Series, Armageddon Triple H
99%
WrestleMania XIX, Vengeance Kurt Angle
98%
No Way Out, Backlash The Rock
98%
No Mercy The Undertaker
96%
SummerSlam Shawn Michaels
95%
No Way Out Hulk Hogan
94%
Armageddon Kane
93%
SummerSlam Chris Jericho
91%
Backlash, SummerSlam, Unforgiven, Survivor Series, Armageddon Goldberg
91%
Judgment Day, Vengeance The Big Show
90%
SummerSlam Randy Orton
89%
Insurrextion, Bad Blood, SummerSlam Kevin Nash
78%
No matching quizzes found
Score Distribution
Percent of People with Each Score
Percentile by Number Answered
Your Score History
You have not taken this quiz since the last reset